| 000 | 01329nam a2200301Ia 4500 | ||
|---|---|---|---|
| 003 | URS | ||
| 005 | 20250902142911.0 | ||
| 008 | 240418s9999 xx 000 0 und d | ||
| 020 | _a978-1-5264-56994-6 | ||
| 040 |
_bEnglish _cURS _erda |
||
| 050 |
_aRT81.5 _b.El59 2019 |
||
| 100 |
_aEllis, Peter, _eauthor. |
||
| 245 | 0 | _aUnderstanding research for nursing students / | |
| 264 |
_aThousand Oaks, CA : _bSage, _c©2019. |
||
| 300 |
_axi, 191 pages ; _c24 cm. |
||
| 336 |
_atext _btxt _2rdacontent |
||
| 337 |
_aunmediated _bn _2rdamedia |
||
| 338 |
_avolume _bnc _2rdacarrier |
||
| 440 | _aTransforming nursing practice / | ||
| 504 | _aIncludes bibliographical references and index. | ||
| 505 | _aIntroduction -- Chapter 1. Introducing research -- Chapter 2. Overview of qualitative methodologies -- Chapter 3. Data collection methods and analysis in qualitative research -- Chapter 4. Overview of quantitative methodologies -- Chapter 5. Data collection methods and analysis in quantitative research -- Chapter 6. Multiple methods, evaluation and action research -- Chapter 7. Using research | ||
| 650 | 0 |
_aNursing _xResearch. _91015 |
|
| 650 | 0 |
_aNursing Research _xmethods. _91333 |
|
| 650 | 0 |
_aResearch design. _96211 |
|
| 650 | 0 |
_aEvidence-based nursing. _91033 |
|
| 650 | 0 |
_aStudents, Nursing. _96212 |
|
| 942 |
_cR _2lcc |
||
| 999 |
_c79061 _d79060 |
||